Quantum Origin of the Universe; Russian Physics Journal; Vol. 45, iss. 5
| Parent link: | Russian Physics Journal Vol. 45, iss. 5.— 2002.— [С. 528-533] |
|---|---|
| Main Author: | |
| Summary: | Title screen Режим доступа: по договору с организацией-держателем ресурса |
| Language: | English |
| Published: |
2002
|
| Subjects: | |
| Online Access: | http://link.springer.com/article/10.1023%2FA%3A1021048908828?LI=true |
| Format: | Electronic Book Chapter |
| KOHA link: | https://koha.lib.tpu.ru/cgi-bin/koha/opac-detail.pl?biblionumber=637530 |
MARC
| LEADER | 00000nla0a2200000 4500 | ||
|---|---|---|---|
| 001 | 637530 | ||
| 005 | 20250423084611.0 | ||
| 035 | |a (RuTPU)RU\TPU\network\1682 | ||
| 090 | |a 637530 | ||
| 100 | |a 20140925d2002 k||y0rusy50 ba | ||
| 101 | 0 | |a eng | |
| 102 | |a US | ||
| 135 | |a drnn ---uucaa | ||
| 181 | 0 | |a i | |
| 182 | 0 | |a b | |
| 200 | 1 | |a Quantum Origin of the Universe |f V. V. Lasukov | |
| 203 | |a Text |c electronic | ||
| 300 | |a Title screen | ||
| 320 | |a [Ref.: p. 533 (4 tit.)] | ||
| 333 | |a Режим доступа: по договору с организацией-держателем ресурса | ||
| 461 | |t Russian Physics Journal | ||
| 463 | |t Vol. 45, iss. 5 |v [С. 528-533] |d 2002 | ||
| 610 | 1 | |a электронный ресурс | |
| 610 | 1 | |a труды учёных ТПУ | |
| 700 | 1 | |a Lasukov |b V. V. |c mathematician |c Associate Professor of Tomsk Polytechnic University, Candidate of Physical and Mathematical Sciences |f 1954- |g Vladimir Vasilievich |3 (RuTPU)RU\TPU\pers\32635 |9 16547 | |
| 801 | 2 | |a RU |b 63413507 |c 20140925 |g RCR | |
| 850 | |a 63413507 | ||
| 856 | 4 | |u http://link.springer.com/article/10.1023%2FA%3A1021048908828?LI=true | |
| 942 | |c CF | ||